000
00303nam a22001337a 4500
008
180928b xxu||||| |||| 00| 0 eng d
020
_a
9780077424305
041
_a
eng
080
_a
371
100
_a
25
101
_a
EDU
245
_a
Writing for College, Writing for Life
_c
Roen,D
942
_2
udc
_c
BK
999
_c
48644
_d
48644